| 000 | 01555nam a2200313Ia 4500 | ||
|---|---|---|---|
| 003 | OSt | ||
| 005 | 20210818111741.0 | ||
| 008 | 210310s2004 ck ad gr 000 0 spa d | ||
| 020 | _a9587014596 | ||
| 040 |
_aCO-JMCR _cCO-JMCR |
||
| 041 | 0 | _aspa | |
| 082 | 0 | 4 |
_a339.5 / _bB715b1 _223 |
| 100 | 1 |
_aBonilla González, Ricardo, _916984 _ecoordinador |
|
| 245 | 1 | 0 |
_aBien-estar : _bmacroeconomía y pobreza: informe de coyuntura 2003 / _cRicardo Bonilla González, Jorge Iván González, coordinadores ; equipo de investigadores, Álvaro Moreno, Álvaro Zarta, Germán Umaña [y otros 5] |
| 246 | 2 | _aBienestar : macroeconomía y pobreza: informe de coyuntura 2003 | |
| 260 |
_aBogotá : _bUniversidad Nacional de Colombia : Contraloría General de la República, _c2004 |
||
| 300 |
_a163 páginas : _bilustraciones y gráficas a blanco y negro ; _c24 cm. |
||
| 500 | _aIncluye notas a pie de página. | ||
| 504 | _aBibliografía: página [153]-156 | ||
| 505 | 0 | _aEs necesario un cambio estructural -- Calidad de vida -- El cambio estructural y el crecimiento moderno -- Sector externo -- Políticas monetaria, cambiaria y crediticia -- Política fiscal | |
| 650 | 1 | 4 |
_aPolítica económica _916986 _zColombia |
| 650 | 2 | 4 |
_aPolítica monetaria _zColombia _96926 |
| 650 | 2 | 4 |
_aPolítica fiscal _zColombia _96903 |
| 700 | 1 |
_aGonzález, Jorge Iván, _ecoordinador _95104 |
|
| 700 | 1 |
_aMoreno, Álvaro, _einvestigador _939455 |
|
| 700 | 1 |
_aZarta, Álvaro, _einvestigador _939463 |
|
| 700 | 1 |
_aUmaña, Germán, _einvestigador _924977 |
|
| 942 |
_2ddc _cBK |
||
| 999 |
_c8340 _d8340 |
||